| 000 | 00915nam a22003257a 4500 | ||
|---|---|---|---|
| 001 | BR2017000419 | ||
| 003 | BR-BrBNA | ||
| 005 | 20230928105038.0 | ||
| 007 | ta | ||
| 008 | 230509b bl.||||| |||| 00| 0 por d | ||
| 040 |
_aBR-BrBNA _bpor _cBiblioteca Nacional de Agricultura |
||
| 041 | _a(Por) | ||
| 072 |
_aH10 _b4020 |
||
| 090 | _ 4020 BR2017000419 | ||
| 100 | 1 | _aRocha, C.T.D. da | |
| 110 | 1 | _aMinistério da Agricultura, Pecuária e Abastecimento, Brasília, DF (Brasil) | |
| 245 | 1 | _aMoscas-das-frutas no Brasil | |
| 260 | 3 |
_aBrasília, DF (Brasil): _c[nd]. |
|
| 300 | _avp. | ||
| 500 | _aPublished 2015?; 8 ref.; 5 illus | ||
| 650 | _aMOSCA DAS FRUTAS | ||
| 650 | _aESTIMATIVA | ||
| 650 | _aCUSTO | ||
| 650 | _aCONTROLE BIOLÓGICO | ||
| 650 | _aCONTROLE FÍSICO | ||
| 650 | _aCONTROLE MECÂNICO | ||
| 650 | _aCONTROLE QUÍMICO | ||
| 909 |
_a202309 _bLucia _c55 _dLucia Elande |
||
| 942 | _cBK | ||
| 999 |
_c83111 _d83111 |
||